Kala Aur Sahayatya (Record no. 395983)

MARC details
000 -LEADER
fixed length control field 00322 a2200133 4500
000 - LEADER
fixed length control field nam a22 7a 4500
100 ## - MAIN ENTRY--PERSONAL NAME
Personal name Singh, Harpal
110 ## - MAIN ENTRY--CORPORATE NAME
Corporate name or jurisdiction name as entry element Singh, Harpal
245 ## - TITLE STATEMENT
Title Kala Aur Sahayatya
250 ## - EDITION STATEMENT
Edition statement Latest edition
260 ## - PUBLICATION, DISTRIBUTION, ETC.
Name of publisher, distributor, etc. Nisha publication
Date of publication, distribution, etc. 2024
264 ## - PRODUCTION, PUBLICATION, DISTRIBUTION, MANUFACTURE, AND COPYRIGHT NOTICE
Name of producer, publisher, distributor, manufacturer Nisha publication
Date of production, publication, distribution, manufacture, or copyright notice 2024
942 ## - ADDED ENTRY ELEMENTS (KOHA)
Koha item type Books
Holdings
Date last seen Total checkouts Barcode Cost, replacement price Price effective from Koha item type Lost status Source of classification or shelving scheme Damaged status Not for loan Withdrawn status Home library Current library Date acquired Source of acquisition Cost, normal purchase price
13/01/2026   444364 695.00 13/01/2026 Books   Dewey Decimal Classification       VIVEKANANDA LIBRARY VIVEKANANDA LIBRARY 13/01/2026 713 521.25
13/01/2026   444363 695.00 13/01/2026 Books   Dewey Decimal Classification       VIVEKANANDA LIBRARY VIVEKANANDA LIBRARY 13/01/2026 713 521.25
13/01/2026   444362 695.00 13/01/2026 Books   Dewey Decimal Classification       VIVEKANANDA LIBRARY VIVEKANANDA LIBRARY 13/01/2026 713 521.25
13/01/2026   444360 695.00 13/01/2026 Books   Dewey Decimal Classification       VIVEKANANDA LIBRARY VIVEKANANDA LIBRARY 13/01/2026 713 521.25
13/01/2026   444361 695.00 13/01/2026 Books   Dewey Decimal Classification       VIVEKANANDA LIBRARY VIVEKANANDA LIBRARY 13/01/2026 713 521.25
© Designed and Maintained by Vivekananda Library, MDU Rohtak